Statistiken für Alle Minderheiten Finnlands

Klicken Sie hier um das Quiz zu spielen!

Allgemein

  • Dieses Quiz wurde 38 mal gespielt
  • Das Durchschnittsergebnis liegt bei 19 aus 26

Antwortstatistiken

BevölkerungLand% Korrekt
6,893Deutschland
100%
73,759Russland
100%
32,921Schweden
97%
11,935China
91%
46,041Estland
91%
5,576USA
91%
3,089Italien
81%
5,000Polen
81%
3,191Ukraine
81%
7,321Afghanistan
78%
3,076Spanien
78%
6,753Syrien
78%
8,166Türkei
78%
4,183Rumänien
75%
7,865Indien
72%
6,677Vereinigtes Königreich
72%
19,008Irak
66%
7,876Iran
66%
9,046Vietnam
59%
3,340Pakistan
56%
9,099Serbien
56%
11,288Thailand
53%
5,594Philippinen
47%
12,110Somalia
44%
3,218Bangladesch
41%
3,792Nepal
19%

Verteilung der Resultate

Perzentil nach korrekt beantworteten Fragen

Anzahl Personen mit jedem Resultat

Ihre Resultats-Entwicklung

Sie haben dieses Quiz noch nicht gespielt